| 000 | 00459nam a22001337a 4500 | ||
|---|---|---|---|
| 999 |
_c517518 _d517518 |
||
| 008 | 210716b ||||| |||| 00| 0 eng d | ||
| 100 |
_aSharma, Saumya _926740 |
||
| 245 | _aUntold urban economy: A study of sex work in the Pernas of Reala Khanpur, South West Delhi | ||
| 260 | _aThe Administrator: Journal of LBSNAA | ||
| 300 | _a60(3), Dec, 2020: p.42-59 | ||
| 773 | _a The Administrator: Journal of LBSNAA | ||
| 906 | _aSOCIAL PROBLEMS | ||
| 942 | _cAR | ||